Statystyki dla Odgadnij państwo po jego danych (Dla Geomexa)

Kliknij tutaj aby rozwiązać quiz!

Ogólne statystyki

  • Ten quiz został rozwiązany 25 razy
  • Średni wynik to 8 z 15

Statystyki odpowiedzi

PaństwoKontynentPowierzchnia w km2Liczba ludności% Poprawnych
ArgentynaAmeryka Płd.2 780 00045 864 000
100%
NiemcyEuropa357 00083 019 000
100%
MongoliaAzja1 564 0003 255 000
70%
MonakoEuropa239 000
65%
KubaAmeryka Płn.111 00011 032 000
60%
Nowa ZelandiaAustralia i Oceania268 0004 510 000
60%
FilipinyAzja300 000106 651 000
55%
Macedonia PółnocnaEuropa25 0002 076 000
55%
ParagwajAmeryka płd.406 0006 943 000
55%
SłoweniaEuropa20 0002 107 000
55%
TajlandiaAzja513 00069 480 000
50%
MaliAfryka1 240 00018 542 000
40%
BelizeAmeryka Płn. (śr.)23 000386 000
30%
LesothoAfryka30 0001 942 000
25%
NepalAzja147 00030 485 000
25%

Rozkład punktacji

Percentyl według liczby udzielonych odpowiedzi

Procent ludzi z każdym wynikiem

Twoja historia wyników

Nie rozwiązałeś tego quizu